000 01589cam a22004097a 4500
001 15276430
003 OSt
005 20150408114011.0
007 co ugu||||||||
008 080425s2008 njua bf 001 0 eng
010 _a 2008273568
016 7 _a101315338
_2DNLM
020 _a9780131791008
020 _a0131791001
035 _a(OCoLC)ocn144219897
040 _aNLM
_cNLM
_dBTCTA
_dBAKER
_dYDXCP
_dGZN
_dGZM
_dDLC
042 _anlmcopyc
_alccopycat
050 0 0 _aRM724
_b.C66 2008
060 0 0 _a2007 I-907
060 1 0 _aWE 39
_bC771o 2008
082 0 0 _a616.7075
_222
100 1 _aCook, Chad.
_910214
245 1 0 _aOrthopedic physical examination tests :
_ban evidence-based approach /
_cChad E. Cook, Eric J. Hegedus.
260 _aUpper Saddle River, N. J. :
_bPearsonPrentice Hall,
_cc2008.
300 _axv, 399 p. :
_bcol. ill. ;
_c26 cm. +
_e1 CD-ROM (4 3/4 in.)
504 _aIncludes bibliographical references and index.
538 _aSystem requirements for accompanying CD-ROM: Windows 98 or later; Macintosh 9.X and OSX.
650 1 2 _aMusculoskeletal Diseases
_xdiagnosis
_vHandbooks.
_910215
650 2 2 _aEvidence-Based Medicine
_xmethods
_vHandbooks.
_910216
650 2 2 _aPhysical Examination
_vHandbooks.
_95527
650 0 _aManipulation (Therapeutics)
_910217
650 0 _aOrthopedics.
_910174
650 0 _aMedicine, Physical.
_910218
700 1 _aHegedus, Eric J.
_910219
942 _2ddc
_cBOOK
999 _c21204
_d255704